消滅した市町村 北海道版 - Statistics

General Stats
  • This quiz has been taken 66 times
  • The average score is 88 of 179
Answer Stats
合併年 新市町村名 % Correct
2006/3/27 岩見沢市
88%
1954/7/1 紋別市 紋別
81%
2005/9/1 せたな町 瀬棚
81%
2006/3/27 むかわ町 鵡川
81%
1954/7/1 士別市 士別
79%
1955/1/1 釧路村 釧路
79%
1956/9/30 北見市 北見
79%
2005/9/1 士別市 士別
79%
2005/10/11 釧路市 釧路
79%
2006/3/5 北見市 北見
79%
2006/3/27 洞爺湖町 洞爺
79%
1954/8/1 名寄町 名寄
76%
1955/4/1 上磯町 上磯
76%
1966/12/1 函館市 函館
76%
1973/12/1 函館市 函館
76%
2004/12/1 函館市 函館
76%
2006/2/1 北斗市 上磯
76%
2006/3/1 日高町 日高
76%
2006/3/20 枝幸町 枝幸
76%
2006/3/27 名寄市 名寄
76%
2006/3/31 大空町 女満別
76%
1956/9/30 小平村 小平
74%
1957/4/1 八雲町 八雲
74%
1957/8/1 根室市 根室
74%
1959/4/1 根室市 根室
74%
2005/9/1 せたな町 大成
74%
2005/10/1 遠軽町 遠軽
74%
2005/10/1 八雲町 八雲
74%
2005/10/11 釧路市 阿寒
74%
2006/3/1 日高町 門別
74%
2006/3/5 北見市 留辺蘂
74%
1955/2/11 江差町 江差
71%
1955/3/1 札幌市 札幌市
71%
1955/3/1 札幌市 札幌村
71%
1955/4/1 旭川市 旭川
71%
1955/4/1 標茶町 標茶
71%
1956/9/30 佐呂間町 佐呂間
71%
1956/9/30 富良野町 富良野
71%
1961/4/1 旭川市 旭川
71%
1961/5/1 札幌市 札幌
71%
1963/5/1 深川市 深川
71%
1963/8/15 旭川市 旭川
71%
1966/5/1 富良野市 富良野
71%
1967/3/1 札幌市 札幌
71%
1968/4/1 旭川市 旭川
71%
1970/4/1 深川市 深川
71%
1971/3/2 旭川市 旭川
71%
1971/4/1 滝川市 滝川
71%
2004/12/1 函館市 南茅部
71%
2005/4/1 森町
71%
2005/10/1 石狩市 石狩
71%
2006/2/6 幕別町 幕別
71%
2006/3/1 伊達市 伊達
71%
2006/3/27 岩見沢市 岩見沢
71%
2009/10/5 湧別町 上湧別
71%
1954/7/1 松前町 松前
69%
1955/4/1 羽幌町 羽幌
69%
1955/4/1 足寄町 足寄
69%
1956/9/30 清水町 清水
69%
1959/4/1 羽幌町 羽幌
69%
2005/9/1 せたな町 北檜山
69%
2005/9/1 士別市 朝日
69%
2005/10/11 釧路市 音別
69%
2006/3/31 新ひだか町 静内
69%
2009/10/5 湧別町 湧別
69%
1955/1/1 福島町 福島
67%
1955/1/15 寿都町 寿都
67%
1955/4/1 岩内町 岩内
67%
1955/4/1 大樹町 大樹
67%
1955/4/1 豊頃村 豊頃
67%
2004/12/1 函館市 椴法華
67%
2006/3/20 枝幸町 歌登
67%
2006/3/27 名寄市 風連
67%
2006/3/31 新ひだか町 三石
67%
1955/4/1 浦幌町 浦幌
64%
1955/4/1 厚岸町 厚岸
64%
1956/9/30 浦河町 浦河
64%
1957/4/1 帯広市 帯広
64%
1958/4/1 小樽市 小樽
64%
2004/12/1 函館市 恵山
64%
2005/10/1 遠軽町 白滝
64%
2005/10/1 石狩市 浜益
64%
2006/2/1 北斗市 大野
64%
2006/3/1 伊達市 大滝
64%
2006/3/5 北見市 常呂
64%
2006/3/31 大空町 東藻琴
64%
1967/3/1 札幌市 手稲
62%
2005/10/1 遠軽町 生田原
62%
2005/10/1 石狩市 厚田
62%
2005/10/1 八雲町 熊石
62%
2006/2/6 幕別町 忠類
62%
2006/3/27 安平町 追分
62%
1955/2/1 稚内市 稚内
60%
2006/3/27 むかわ町 穂別
60%
2006/3/27 岩見沢市 栗沢
60%
2006/3/27 洞爺湖町 虻田
60%
2004/12/1 函館市 戸井
57%
2005/4/1 森町 砂原
57%
2005/10/1 遠軽町 丸瀬布
57%
2006/3/5 北見市 端野
57%
2006/3/27 安平町 早来
57%
1968/4/1 旭川市 神楽
55%
1973/12/1 函館市 亀田
55%
1955/2/1 稚内市 宗谷
52%
1961/4/1 旭川市 永山
50%
1959/4/1 羽幌町 焼尻
48%
1971/4/1 滝川市 江部乙
48%
1955/4/1 羽幌町 天売
45%
1961/5/1 札幌市 豊平
45%
1959/4/1 根室市 歯舞
43%
1954/7/1 紋別市 渚滑
40%
1966/5/1 富良野市 山部
40%
1956/9/15 利尻町 沓形
36%
1970/4/1 深川市 多度志
36%
1956/9/20 礼文村 香深
33%
1956/9/30 東利尻村 鴛泊
33%
1963/5/1 深川市 納内
33%
1954/7/1 士別市 多寄
31%
1955/3/1 札幌市 琴似
31%
1956/9/30 清水町 御影
31%
1956/9/30 積丹町 美国
31%
1963/5/1 深川市 音江
31%
1955/4/1 旭川市 神居
29%
1956/9/30 北見市 相内
29%
1963/8/15 旭川市 東旭川
29%
1971/3/2 旭川市 東鷹栖
29%
1957/4/1 八雲町 落部
26%
1954/7/1 士別市 上士別
24%
1955/4/1 旭川市 江丹別
24%
1956/9/20 礼文村 船泊
24%
1956/9/30 小平村 鬼鹿
24%
1958/4/1 小樽市 塩谷
24%
1955/1/1 福島町 吉岡
21%
1955/1/15 寿都町 歌棄
21%
1954/7/1 紋別市 上渚滑
19%
1955/3/1 札幌市 篠路
19%
1955/4/1 浦幌町 大津
19%
1955/4/1 共和村 小沢
19%
1955/4/1 足寄町 西足寄
19%
1955/4/1 大樹町 大津
19%
1955/4/1 豊頃村 大津
19%
1956/9/15 利尻町 仙法志
19%
1956/9/30 浦河町 荻伏
19%
1956/9/30 島牧村 東島牧
19%
1956/9/30 島牧村 西島牧
19%
1956/9/30 東利尻村 鬼脇
19%
1957/4/1 帯広市 大正
19%
1955/1/1 釧路村 昆布森
17%
1955/4/1 厚岸町 太田
17%
1955/4/1 標茶町 太田
17%
1957/4/1 帯広市 川西
17%
1957/8/1 根室市 和田
17%
1954/7/1 松前町 大島
14%
1954/7/1 松前町 小島
14%
1955/4/1 共和村 前田
14%
1955/2/11 江差町
12%
1956/9/30 積丹町 余別
12%
1959/5/1 南茅部町 臼尻
12%
1966/12/1 函館市 銭亀沢
12%
1954/7/1 士別市 温根別
10%
1954/7/1 松前町 大沢
10%
1955/1/15 三和村 黒松内
10%
1955/1/15 三和村 熱郛
10%
1955/1/15 三和村 樽岸
10%
1955/1/15 寿都町 樽岸
10%
1955/7/20 大成村 久遠
10%
1955/7/20 大成村 貝取澗
10%
1956/9/30 佐呂間町 若佐
10%
1956/9/30 積丹町 入舸
10%
1963/5/1 深川市 一巳
10%
1954/8/1 名寄町 知恵文
7%
1955/1/15 寿都町 磯谷
7%
1955/4/1 共和村 発足
7%
1955/4/1 北檜山町 東瀬棚
7%
1959/5/1 南茅部町 尾札部
7%
1955/4/1 岩内町 島野
5%
1955/4/1 上磯町 茂別
5%
1955/4/1 北檜山町 太櫓
5%
1956/9/30 富良野町 東山
5%
No matching quizzes found
Score Distribution
Percent of People with Each Score
Percentile by Number Answered
Your Score History
You have not taken this quiz